Music Quiz

Random Music or Album Quiz

Biggie Smalls songs by lyrics on Ready to Die Quiz Stats

Quiz not verified by Sporcle

Challenge
Share
Tweet
Image result for ready to die album
Score 0/10 Timer 05:00
0 Plays Today
Song Lyrics Song % Correct
Birthdays was the worst days Now we sip Champagne when we thirstyJuicy
96.7%
All my life I been considered as the worst Lying to my mother, even stealing out her purseSuicidal Thoughts
75.4%
Old school, new school need to learn though I burn, baby, burn like 'Disco Inferno' Burn slow like blunts with yayo Peel more skins than Idaho PotatoWho Shot Ya
72.1%
Givin' ends to my friends, and it feels stupendous Tremendous cream: **** a dollar and a dream Still tote gats strapped with infrared beamsBig Poppa
67.2%
When I bust my Gat, mothaf****s take dirt naps I'm all that, and a dime sack, where the paper at?Gimme the Loot
63.9%
I'm rippin MC's from Tallahassee, to Compton Biggie Smalls on a higher plane N****s say I'm strange deranged because I put the 12 gauge to your brainReady to Die
55.7%
The rocket launcher, Biggie stomped ya, High as a motherf*****g helicopterMachine Gun Funk
52.5%
I'm seeing body after body and our mayor Giuliani Ain't tryin' to see no black man turn to John Gotti My daughter use a potty so she's older now Educated street knowledge, I'mma moEveryday Struggle
50.8%
Now I'm thirteen, smoking blunts, making cream On the drug scene, f**k a football teamRespect
47.5%
It make me wanna grab the 9 and the shotty But I gotta go identify the body Damn, what happened to the summertime cookouts Every time I turn around, a n***a getting took outThings Done Changed
45.9%

You're not logged in!

Compare scores with friends on all Sporcle quizzes.
Sign Up with Email
OR
Log In

You Might Also Like...

Show Comments

Extras

Top Quizzes Today


Score Distribution

Your Account Isn't Verified!

In order to create a playlist on Sporcle, you need to verify the email address you used during registration. Go to your Sporcle Settings to finish the process.

Report this User

Report this user for behavior that violates our Community Guidelines.

Details: